00547nam a22001817a 450000500170000000800410001704000070005824500230006525000300008849000240011852001120014265000130025465000230026765000150029065000200030565000180032565000220034320250513113634.0250513b |||||||| |||| 00| 0 eng d cDO aThe first pioneer? aAugust 2002 Vol. 202 No 2 aNational Geographic aOceans of Plenty, Mount Fuji, Henrietta Marie, Bahia, Russian Smokejumpers, Proboscis Monkeys, ZipUSA:03246 xTHE FACE xSOUTH AFRICA COAST xMOUNT FUJI xHENRIETTA MARIE xSMOKE JUMPERS xPHOBOSCIS MONKEYS